Psicología social
Saved in:
| Hovedforfatter: | |
|---|---|
| Format: | Bog |
| Sprog: | spansk |
| Udgivet: |
Ciudad de México
Siglo Veintiuno
1972
|
| Udgivelse: | 1a. ed |
| Serier: | Psicología y Etología
|
| Fag: | |
| Tags: |
Tilføj Tag
Ingen Tags, Vær først til at tagge denne postø!
|
MARC
| LEADER | 00000nam a2200000 a 4500 | ||
|---|---|---|---|
| 001 | UCJ2888 | ||
| 003 | CL-VaPUC | ||
| 008 | 070119e19720000MX |||||||||||||||||spa|d | ||
| 082 | 0 | 4 | |a 302 |b BRO |2 21 |
| 100 | 0 | |a Brown, Roger |e author |9 503926 | |
| 245 | 1 | 0 | |a Psicología social |
| 250 | |a 1a. ed | ||
| 300 | |a 801 p | ||
| 942 | |c BK | ||
| 945 | |d 20070119 00:00:00 |a jtorresc | ||
| 260 | |a Ciudad de México |b Siglo Veintiuno |c 1972 | ||
| 500 | |a Donación de la Dra. Marianne Peronard Thierry | ||
| 650 | 0 | |a Psicología social |9 222894 | |
| 650 | 7 | |a ESTRUCTURA SOCIAL |2 CL-VaPUC |9 503927 | |
| 650 | 0 | |a Estratificación social |9 337692 | |
| 650 | 0 | |a Socialización |9 309940 | |
| 650 | 0 | |a Procesos sociales |9 337802 | |
| 583 | |a last modification |c 20070119 00:00:00 |k Rodrigo Vera | ||
| 490 | 0 | |a Psicología y Etología | |
| 999 | |c 319017 |d 319015 | ||
| 952 | |0 0 |1 0 |4 0 |6 302_000000000000000_BRO_1972 |7 0 |8 A |9 397244 |a FDOPOS |b FDOPOS |d 2019-11-22 |i 4317289 |o 302 BRO 1972 |p 4317289 |r 2025-01-22 |w 2019-11-22 |y BK |k MLA | ||